2500 solved problems in fluid mechanics and hydraulics (Record no. 65021)

000 -LEADER
fixed length control field 00449nam a22001697a 4500
003 - CONTROL NUMBER IDENTIFIER
control field NUST - PNEC
005 - DATE AND TIME OF LATEST TRANSACTION
control field 20170116180903.0
008 - FIXED-LENGTH DATA ELEMENTS--GENERAL INFORMATION
fixed length control field 150902b xxu||||| |||| 00| 0 eng d
020 ## - INTERNATIONAL STANDARD BOOK NUMBER
International Standard Book Number 0070991642
040 ## - CATALOGING SOURCE
Transcribing agency LIBRARY
082 ## - DEWEY DECIMAL CLASSIFICATION NUMBER
Classification number 620.106 EVE
100 ## - MAIN ENTRY--PERSONAL NAME
9 (RLIN) 6491
Personal name Evett,B Jack
245 ## - TITLE STATEMENT
Title 2500 solved problems in fluid mechanics and hydraulics
Statement of responsibility, etc. Jack B Evett
260 ## - PUBLICATION, DISTRIBUTION, ETC.
Date of publication, distribution, etc. c 1989
650 ## - SUBJECT ADDED ENTRY--TOPICAL TERM
9 (RLIN) 6493
Topical term or geographic name entry element fluid mechanics
General subdivision ME
942 ## - ADDED ENTRY ELEMENTS (KOHA)
Source of classification or shelving scheme
Koha item type Book
Holdings
Withdrawn status Lost status Source of classification or shelving scheme Damaged status Not for loan Permanent Location Current Location Shelving location Date acquired Total Checkouts Full call number Barcode Date last seen Price effective from Koha item type
          Pakistan Navy Engineering College (PNEC) Pakistan Navy Engineering College (PNEC)       620.106 EVE PNECLIB-015750 09/02/2015   Book
          Pakistan Navy Engineering College (PNEC) Pakistan Navy Engineering College (PNEC)       620.106 EVE PNECLIB-015748 09/02/2015   Book
          Pakistan Navy Engineering College (PNEC) Pakistan Navy Engineering College (PNEC)       620.106 EVE PNECLIB-015757 09/02/2015   Book
          Pakistan Navy Engineering College (PNEC) Pakistan Navy Engineering College (PNEC)       620.106 EVE PNECLIB-015744 09/02/2015   Book
          Pakistan Navy Engineering College (PNEC) Pakistan Navy Engineering College (PNEC)       620.106 EVE PNECLIB-015758 09/02/2015   Book
          Pakistan Navy Engineering College (PNEC) Pakistan Navy Engineering College (PNEC)       620.106 EVE PNECLIB-015759 09/02/2015   Book
          Pakistan Navy Engineering College (PNEC) Pakistan Navy Engineering College (PNEC)       620.106 EVE PNECLIB-015742 09/02/2015   Book
          Pakistan Navy Engineering College (PNEC) Pakistan Navy Engineering College (PNEC)       620.106 EVE PNECLIB-015745 09/02/2015   Book
          Pakistan Navy Engineering College (PNEC) Pakistan Navy Engineering College (PNEC)       620.106 EVE PNECLIB-012953 09/02/2015   Book
          Pakistan Navy Engineering College (PNEC) Pakistan Navy Engineering College (PNEC)       620.106 EVE PNECLIB-015752 09/02/2015   Book
          Pakistan Navy Engineering College (PNEC) Pakistan Navy Engineering College (PNEC)       620.106 EVE PNECLIB-015753 09/02/2015   Book
          Pakistan Navy Engineering College (PNEC) Pakistan Navy Engineering College (PNEC)       620.106 EVE PNECLIB-015749 09/03/2015   Book
          Pakistan Navy Engineering College (PNEC) Pakistan Navy Engineering College (PNEC)       620.106 EVE PNECLIB-015743 01/15/2016   Book
© 2023 Central Library, National University of Sciences and Technology. All Rights Reserved.